MULTINATIONAL IN INDIA MANAGING THE INTE (Record no. 6302)
[ view plain ]
| 000 -LEADER | |
|---|---|
| fixed length control field | 00352nam a2200133Ia 4500 |
| 008 - FIXED-LENGTH DATA ELEMENTS--GENERAL INFORMATION | |
| fixed length control field | 240624s9999 xx 000 0 und d |
| 041 ## - LANGUAGE CODE | |
| Language code of text/sound track or separate title | eng |
| 082 ## - DEWEY DECIMAL CLASSIFICATION NUMBER | |
| Classification number | 338.8854 SIN |
| 100 ## - MAIN ENTRY--PERSONAL NAME | |
| Personal name | SINGH JAI B P |
| 245 ## - TITLE STATEMENT | |
| Title | MULTINATIONAL IN INDIA MANAGING THE INTE |
| 260 ## - PUBLICATION, DISTRIBUTION, ETC. | |
| Date of publication, distribution, etc. | 2004 |
| Place of publication, distribution, etc. | New Delhi |
| Name of publisher, distributor, etc. | Sage Publications |
| 300 ## - PHYSICAL DESCRIPTION | |
| Extent | 296 : p. : cm. ; 25 |
| 365 ## - TRADE PRICE | |
| Currency code | RS |
| Price amount | 32 |
| Withdrawn status | Lost status | Damaged status | Not for loan | Home library | Current library | Shelving location | Date acquired | Source of acquisition | Cost, normal purchase price | Total Checkouts | Full call number | Barcode | Date last seen | Date last checked out | Copy number | Price effective from | Koha item type |
|---|---|---|---|---|---|---|---|---|---|---|---|---|---|---|---|---|---|
| IMTN | IMTN | Rack 13-A | 09/14/2007 | AP | 380.00 | 1 | 338.8854 SIN | 6302 | 01/19/2025 | 01/07/2025 | 1 | 06/24/2024 | Books |